UNICLASS : United Classification for the Construction Industry. (Record no. 96631)

MARC details
000 -LEADER
fixed length control field 01178cam a2200337 4500
001 - CONTROL NUMBER
control field J86390
008 - FIXED-LENGTH DATA ELEMENTS--GENERAL INFORMATION
fixed length control field 090401t1997 xxu||||| |||| 00| 0 eng d
020 ## - INTERNATIONAL STANDARD BOOK NUMBER
International Standard Book Number 1859460313
035 ## - SYSTEM CONTROL NUMBER
System control number (Sirsi) u80805
041 ## - LANGUAGE CODE
Language code of text/sound track or separate title eng
050 ## - LIBRARY OF CONGRESS CALL NUMBER
Classification number 025.4669
110 ## - MAIN ENTRY--CORPORATE NAME
Corporate name or jurisdiction name as entry element NBS Services
9 (RLIN) 90
245 ## - TITLE STATEMENT
Title UNICLASS : United Classification for the Construction Industry.
260 ## - PUBLICATION, DISTRIBUTION, ETC.
Place of publication, distribution, etc. London
Name of publisher, distributor, etc. RIBA Publications
Date of publication, distribution, etc. 1997
300 ## - PHYSICAL DESCRIPTION
Extent 215p. ; 30cm.
350 ## - PRICE (NR) (BK AM CF MU VM SE) [OBSOLETE]
Price 30
520 ## - SUMMARY, ETC.
Summary, etc. Classification system based on CI/SfB, CAWS, CESMM3 and EPIC. Project funded by the Construction Federation, RIBA, RICS, CIBSE and Department of the Environment Construction Sponsorship Directorate. Developed by NBS Services on behalf of CPIC.
650 ## - SUBJECT ADDED ENTRY--TOPICAL TERM
Topical term or geographic name entry element COMMON ARRANGEMENT OF WORK SECTIONS
650 ## - SUBJECT ADDED ENTRY--TOPICAL TERM
Topical term or geographic name entry element CIVIEL ENGINEERING STANDARD METHOD OF MEASUREMENT (THIRD EDITION)
650 ## - SUBJECT ADDED ENTRY--TOPICAL TERM
Topical term or geographic name entry element CI/SFB
650 ## - SUBJECT ADDED ENTRY--TOPICAL TERM
Topical term or geographic name entry element CLASSIFICATION SYSTEM
650 ## - SUBJECT ADDED ENTRY--TOPICAL TERM
Topical term or geographic name entry element CONSTRUCTION INDUSTRY
650 ## - SUBJECT ADDED ENTRY--TOPICAL TERM
Topical term or geographic name entry element EPIC
650 ## - SUBJECT ADDED ENTRY--TOPICAL TERM
Topical term or geographic name entry element UNICLASS
690 ## - LOCAL SUBJECT ADDED ENTRY--TOPICAL TERM (OCLC, RLIN)
Topical term or geographic name as entry element CONSTRUCTION INDUSTRY
700 ## - ADDED ENTRY--PERSONAL NAME
Personal name Crawford, Marshall
International Standard Serial Number Editor
700 ## - ADDED ENTRY--PERSONAL NAME
Personal name Cann, John
International Standard Serial Number Editor
700 ## - ADDED ENTRY--PERSONAL NAME
Personal name O`Leary, Ruth
International Standard Serial Number Editor
942 ## - ADDED ENTRY ELEMENTS (KOHA)
Suppress in OPAC 0
948 ## - LOCAL PROCESSING INFORMATION (OCLC); SERIES PART DESIGNATOR (RLIN)
c (OCLC) 11/09/1997
Holdings
Withdrawn status Lost status Source of classification or shelving scheme Damaged status Not for loan Home library Current library Shelving location Date acquired Total Checkouts Full call number Barcode Date last seen Date last checked out Copy number Price effective from Koha item type
    Dewey Decimal Classification     London London Folio 03/03/2009 2 F025.4669 30071276 06/08/2019 13/01/2010 3 06/08/2019 Book